000 01351 a2200241 4500
001 149
005 20260407155413.0
008 260407a2007 arg spa d
003 AR-UNSa-BCEJYS
040 _aAR-UNSa-BCEJYS
_bspa
_cAR-UNSa-BCEJYS
080 _a347.779
_xOrganización administrativa de la propiedad industrial
245 1 0 _aLos secretos industriales y el Know How
020 _a978-987-03-1092-1
250 _a1a. ed
264 1 _aBuenos Aires :
_bUniversidad de Buenos Aires. Facultad de Derecho
_c2007
300 _a150 p.
_c24 cm
505 _a1. La innovación Tecnologíca - 2. Análisis y estructura del secreto industrial - 3. Naturaleza jurídica del secreto industrial - 4. Derechos subjetivos y propiedad en materia de derechos intelectuales - 5. Doctrina y jurisprudencia referidos a la naturaleza jurídica del secreto industrial - 6. Protección del secreto industrial - 7. Protección internacional del secreto industrial - 8. Legislación argentina, Competencia desleal, lealtad comercial, ley de confidencialidad, sanciones penales - 9. Conclusiones finales.
041 _aspa
942 _cBK
590 _aniveau_biblio:m niveau_hierar:0
100 1 _aKors, Jorge A.
856 4 1 _uhttps://biblioeco.unsa.edu.ar/pmb/images/libros/Los secretos industriales y el know how2-l117334.jpg
_yImagen de portada
_qimage/jpeg
999 _c118
_d118